Ohodnocovanie majetku obce

Pojem a použitie majetku obce podľa zákona č. 138/1991 Zb. o majetku obcí v z.n.p. Ohodnocovanie majetku obce podľa IVS (International Valuation Standards).

Salvato in:
Dettagli Bibliografici
Autore principale: Miškanin, Marián
Natura: Capitolo di libro
Lingua:slovacco
Soggetti:
Tags: Aggiungi Tag
Nessun Tag, puoi essere il primo ad aggiungerne!!

MARC

LEADER 00000naa$a2200000$$$4500
001 0079058
005 20231127105857.7
041 0 |a slo 
044 |a SK 
245 1 0 |a Ohodnocovanie majetku obce  |c Marián Miškanin 
520 |a Pojem a použitie majetku obce podľa zákona č. 138/1991 Zb. o majetku obcí v z.n.p. Ohodnocovanie majetku obce podľa IVS (International Valuation Standards). 
610 2 0 |a legislatíva 
610 2 0 |a obce 
610 2 0 |a Slovensko 
610 2 0 |a oceňovanie 
610 2 0 |a cena nehnuteľností 
610 2 0 |a majetok nehmotný 
610 2 0 |a majetok hmotný 
100 1 |a Miškanin, Marián